| 000 | 01348cam a22003494a 4500 | ||
|---|---|---|---|
| 001 | 12761102 | ||
| 003 | NUST | ||
| 005 | 20211015110225.0 | ||
| 008 | 020501s2003 maua 001 0 eng | ||
| 010 | _a 2002070988 | ||
| 020 | _a0070530394 | ||
| 038 | _akhadija | ||
| 040 |
_aDLC _cDLC _dDLC |
||
| 042 | _apcc | ||
| 050 | 0 | 0 |
_aTK2181 _b.F5 2003 |
| 082 | 0 | 0 |
_a621.3104 _221 _bFIT |
| 100 | 1 |
_aA.E. Fitzgerald, Charles Kingsley, Jr., Stephen D. Umans. _q(Arthur Eugene), _d1909- _918386 |
|
| 245 | 1 | 0 |
_aElectric Machinery / _cA.E. Fitzgerald, Charles Kingsley, Jr., Stephen D. Umans. |
| 250 | _a6th ed. | ||
| 260 |
_aBoston, Mass. : _bMcGraw-Hill, _cc2003. |
||
| 300 |
_axv, 688 p. : _bill. _c24 cm. |
||
| 440 | 0 |
_aMcGraw-Hill series in electrical engineering. _pPower and energy _918387 |
|
| 563 | _aPB | ||
| 650 | 0 |
_aElectric machinery. _918388 |
|
| 700 | 1 |
_aKingsley, Charles, _d1904-1994. _918389 |
|
| 700 | 1 |
_aUmans, Stephen D. _918390 |
|
| 856 | 4 | 2 |
_3Publisher description _uhttp://www.loc.gov/catdir/description/mh024/2002070988.html |
| 856 | 4 | 1 |
_3Table of contents _uhttp://www.loc.gov/catdir/toc/mh023/2002070988.html |
| 906 |
_a7 _bcbc _corignew _d1 _eocip _f20 _gy-gencatlg |
||
| 942 |
_2ddc _cBK |
||
| 999 |
_c527246 _d527246 |
||